Place et signification des croûtes et encroûtements calcaires dans les profils de sols et dans les paysages d'Afrique du Nord-Ouest [1ère partie] (notice nᵒ 2812)
[ vue normale ]
| 000 -LEADER | |
|---|---|
| fixed length control field | 00770nam a2200157Ia 4500 |
| 040 ## - SOURCE DU CATALOGAGE | |
| Origine cataloguage | BC-ENSA |
| Langue du catalogage | fre |
| 041 ## - CODE DE LANGUE | |
| Langue | Français |
| 100 ## - VEDETTE PRINCIPALE - AUTEUR PRINCIPAL | |
| Auteur | MATHIEU, L. / THOREZ, J. / EK, C. |
| 245 ## - MENTION DU TITRE | |
| Titre | Place et signification des croûtes et encroûtements calcaires dans les profils de sols et dans les paysages d'Afrique du Nord-Ouest [1ère partie] |
| Mention de responsabilité | L. MATHIEU; J. THOREZ; C. EK |
| 562 ## - COPY AND VERSION IDENTIFICATION NOTE | |
| Nombre d'exemplaires | 1 exemplaires |
| 942 ## - ADDED ENTRY ELEMENTS (KOHA) | |
| Type document | Article |
| 653 ## - DESCRIPTEUR LIBRE | |
| Mots clés libres | SOL CALCAIRE ; CROUTE DU SOL ; ARGILE ; MINERALOGIE ; PEDOGENESE ; SOL ; ALGERIE ; FRANCE |
| 773 ## - HOST ITEM ENTRY | |
| Pièces reliées | vol. 6 n. 1 |
| 773 ## - HOST ITEM ENTRY | |
| Titre de pèriodique | Annales de l'Institut National Agronomique El Harrach (DZ) |
| 856 ## - EMPLACEMENT ET ACCÈS ÉLECTRONIQUES | |
| URL/PDF | http://dspace.ensa.dz:8080/jspui/bitstream/123456789/709/1/ia00p154a.pdf |
| -- | http://dspace.ensa.dz:8080/jspui/bitstream/123456789/711/1/ia00p154b.pdf |
| statut de retrait | Statut | Emplacement permanent | Localisation actuelle | Date d'acquisition | Prix d'achat | Cote | Code à barre | Koha item type |
|---|---|---|---|---|---|---|---|---|
| Bibliothèque Centrale | Bibliothèque Centrale | 05/05/2022 | 0.00 | ***ND-5-38 | ***ND-5-38 | Article |